00472ntaaa2200169 45000030003000000050017000030080021000200400037000410820017000781000031000952450055001262500010001812600042001913000010002335000045002436500014002880120251027202242.00714s1973 ag 01  aAR-BaBNbspacAR-BaBNeaacrdRIC a268.3000 Ed9 aEdwards, Mary Alice Douty  aLeadership development and the worker's conference a1 ed. aNashville : bAbingdon Press, cc1967 a224 p aEl liderazgo en la educación cristiana aliderazgo